Statistics for US States by Long John Silver's

Click here to take the quiz!

General Stats

  • This quiz has been taken 17 times
  • The average score is 15 of 20

Answer Stats

HintAnswer% Correct
20Illinois
93%
55Indiana
93%
8.049Indiana
93%
47Kentucky
93%
10.416Kentucky
93%
5.444Ohio
93%
64Ohio
93%
85Texas
87%
22Missouri
80%
3.561Missouri
80%
24Michigan
73%
23Tennessee
73%
5.107Kansas
67%
3.483Oklahoma
67%
28Pennsylvania
67%
10.703West Virginia
67%
5.59Nebraska
60%
27Virginia
60%
3.440Wyoming
33%
6.625New Mexico
27%

Score Distribution

Percentile by Number Answered

Percent of People with Each Score

Your Score History

You have not taken this quiz